| 000 | 00334nam a2200133Ia 4500 | ||
|---|---|---|---|
| 005 | 20260328104345.0 | ||
| 008 | 260328s9999||||xx |||||||||||||| ||und|| | ||
| 100 | _aAvagnina, Elisa | ||
| 245 | 0 |
_aEl Teatro Olimpico Vicenza / _cElisa Avagnina |
|
| 260 | _bMarsilio | ||
| 300 | _a28 p. | ||
| 650 | _aTEATROS Y AUDITORIOS | ||
| 942 | _cBK | ||
| 999 |
_c12286 _d12286 |
||